Library Logo

Pioneer International University Library Catalogue

COLONIAL CRAFTSMEN : (Record no. 9828)

MARC details
000 -LEADER
fixed length control field 00600nam a22001817a 4500
003 - CONTROL NUMBER IDENTIFIER
control field OSt
005 - DATE AND TIME OF LATEST TRANSACTION
control field 20251119082909.0
008 - FIXED-LENGTH DATA ELEMENTS--GENERAL INFORMATION
fixed length control field 251119b |||||||| |||| 00| 0 eng d
010 ## - LIBRARY OF CONGRESS CONTROL NUMBER
LC control number 7529612
020 ## - INTERNATIONAL STANDARD BOOK NUMBER
International Standard Book Number 0690010621
040 ## - CATALOGING SOURCE
Transcribing agency THOMAS Y. CROWELL COMPANY
050 ## - LIBRARY OF CONGRESS CALL NUMBER
Classification number T 23 .T86 1965
Item number .T86 1965
245 ## - TITLE STATEMENT
Title COLONIAL CRAFTSMEN :
Remainder of title And the beggining of American Industry/
Statement of responsibility, etc. TUNIS, EDWIN
250 ## - EDITION STATEMENT
Edition statement 1ST EDITION
260 ## - PUBLICATION, DISTRIBUTION, ETC.
Place of publication, distribution, etc. NEW YORK:
Name of publisher, distributor, etc. THOMAS Y . CROWELL COMPANY,
Date of publication, distribution, etc. 1965
300 ## - PHYSICAL DESCRIPTION
Extent 159 pages,
Other physical details hardcover ,ill .: col , includes bibliographic references and index,
Dimensions 31 cm.
942 ## - ADDED ENTRY ELEMENTS (KOHA)
Source of classification or shelving scheme Library of Congress Classification
Koha item type Books
Suppress in OPAC No
Holdings
Withdrawn status Lost status Source of classification or shelving scheme Damaged status Not for loan Home library Current library Date acquired Total checkouts Barcode Date last seen Price effective from Koha item type
    Library of Congress Classification     PIU Library PIU Library 11/19/2025   PIUDL808 11/19/2025 11/19/2025 Books